Human Rights in the World : (Record no. 5487)
[ view plain ]
| 000 -LEADER | |
|---|---|
| fixed length control field | 00746nam a22002297a 4500 |
| 003 - CONTROL NUMBER IDENTIFIER | |
| control field | OSt |
| 005 - DATE AND TIME OF LATEST TRANSACTION | |
| control field | 20171020210316.0 |
| 008 - FIXED-LENGTH DATA ELEMENTS--GENERAL INFORMATION | |
| fixed length control field | 130819b xxu||||| |||| 00| 0 eng d |
| 020 ## - INTERNATIONAL STANDARD BOOK NUMBER | |
| International Standard Book Number | 1-8175-3448-2 |
| 040 ## - CATALOGING SOURCE | |
| Original cataloging agency | LDCLIB |
| Transcribing agency | LDCLIB |
| 082 ## - DEWEY DECIMAL CLASSIFICATION NUMBER | |
| Edition number | 21 |
| Classification number | 341.48 |
| Item number | ROB |
| 100 ## - MAIN ENTRY--PERSONAL NAME | |
| Personal name | Robertson, A.H. |
| 245 ## - TITLE STATEMENT | |
| Title | Human Rights in the World : |
| Remainder of title | an introduction to the study of the international protection of human rights / |
| Statement of responsibility, etc | A.H. Robertson and J.G. Merrills. |
| 250 ## - EDITION STATEMENT | |
| Edition statement | 4th ed. |
| 260 ## - PUBLICATION, DISTRIBUTION, ETC. (IMPRINT) | |
| Place of publication, distribution, etc | New Delhi-India : |
| Name of publisher, distributor, etc | Universal law publishing co. pvt.ltd., |
| Date of publication, distribution, etc | 2005. |
| 300 ## - PHYSICAL DESCRIPTION | |
| Extent | viii, 355 p. ; |
| Dimensions | 22 cm. |
| 500 ## - GENERAL NOTE | |
| General note | Includes Index |
| 650 ## - SUBJECT ADDED ENTRY--TOPICAL TERM | |
| Topical term or geographic name as entry element | Human rights |
| 650 ## - SUBJECT ADDED ENTRY--TOPICAL TERM | |
| Topical term or geographic name as entry element | Human rights in the world |
| 700 ## - ADDED ENTRY--PERSONAL NAME | |
| Personal name | Merrills, J. G. |
| 942 ## - ADDED ENTRY ELEMENTS (KOHA) | |
| Source of classification or shelving scheme | Dewey Decimal Classification |
| Koha item type | Books |
| Withdrawn status | Lost status | Source of classification or shelving scheme | Damaged status | Not for loan | Home library | Current library | Shelving location | Date acquired | Total Checkouts | Full call number | Barcode | Date last seen | Copy number | Price effective from | Koha item type | Public note |
|---|---|---|---|---|---|---|---|---|---|---|---|---|---|---|---|---|
| Dewey Decimal Classification | Law Development Centre Main Library | Law Development Centre Main Library | Text Books and Laws | 08/19/2013 | 341.48 ROB | 6121/2013 | 08/19/2013 | 1 | 08/19/2013 | Books | Reserve |
